Statistiques concernant Paroles - Sexion d'assaut - Désolé

Cliquez ici pour prendre le quiz!

Statistiques générales

  • Ce quiz a été pris 436 fois
  • Le résultat moyen est 314 sur 440

Statistiques - réponses

Paroles% Correct
de
99%
des
99%
Désolé
99%
désolé,
99%
désolé
99%
ma
99%
m'a
99%
Maman,
97%
Maman
97%
maman
97%
maman,
97%
le
95%
Papa
94%
papa,
94%
Papa,
94%
un
93%
Je
92%
je
92%
les
92%
Les
92%
comme
91%
En
91%
une
91%
gars
90%
gars,
90%
m'isoler
90%
A
89%
à
89%
a
89%
J'ai
89%
j'ai
89%
envie
87%
Et
87%
et
87%
la
85%
La
85%
par
84%
pas
84%
Pas
84%
te
82%
con
81%
dit
81%
du
81%
81%
ne
81%
moi
79%
Moi
79%
OK
79%
ce
78%
j'suis
78%
ces
77%
côtoyer
76%
me
76%
suis
76%
c'est
75%
conseillère
75%
négligé
75%
tout
75%
J'ressens
73%
j'ressens
73%
clairement
72%
dis
72%
fin
71%
partir
71%
vrai
71%
l'pavé
70%
tous
70%
arrêter
69%
dire,
69%
dire
69%
j'vais
69%
J'vais
69%
clamser
66%
entité
66%
finir
66%
J'me
66%
j'me
66%
jours
66%
pense
66%
comment
65%
faire
64%
gens
64%
préféré
63%
te-bé
63%
homme
61%
qu'un
61%
veulent
61%
Dîn,
60%
plaquer
59%
que
57%
mes
56%
mon
56%
barrer
55%
ça
52%
Alcatraz
51%
Paris
51%
aussi
49%
vous
49%
Vous
49%
frères
48%
si
48%
"On
46%
on
46%
Sénégalais
46%
femme,
45%
gosses
45%
Pour
45%
bien
44%
est
44%
tas
44%
Mais
43%
mais
43%
miens
43%
Rejoindre
43%
Marre
41%
fallait
40%
petit
39%
toutes
39%
coeur
38%
dans
38%
entendre
38%
étant
38%
j'veux
38%
noir
38%
fait
37%
musique
36%
forces
35%
maths,
35%
commencé
34%
croirait
34%
d'paperasse
34%
fais
34%
J'aurais
34%
là-bas
34%
nous
34%
profs
34%
sens
34%
Leur
33%
aux
32%
défoncé
32%
d'français
32%
père
32%
plus
32%
amendes
31%
d'anglais
31%
foi
31%
inquiétez
31%
monsieur
31%
Quand
31%
coupable
30%
l'banquier
30%
pays
30%
allez
29%
d'ja
29%
facile
28%
lancer
28%
sais
28%
France
27%
met
27%
s'il
27%
j'vous
26%
m'manquer
26%
plait
26%
blé
25%
êtes
25%
j'avais
25%
j'vois
25%
voir
25%
vos
25%
crois-moi
24%
ici
24%
j'emploierai
24%
non
24%
têtes
23%
j'm'arrache
22%
baffes
21%
dingaris
21%
grand-mère
21%
J'serais
21%
t'sais
20%
Pardonne-moi
19%
revenu
19%
j'l'ai
15%
signer
15%
hass
11%
d'coufards
4%
djarama"
2%

Distribution des résultats

Percentile par nombre de réponses

% des personnes avec chaque résultat

Votre développement - résultats

Vous n’avez pas pris ce quiz